El Test del Arbol: Estudio con una Muestra de Sujetos Seleccionada al Azar en una Empresa Siderúrgica /

Uloženo v:
Podrobná bibliografie
Hlavní autor: Rodríguez Martínez, María del Rocío (autor)
Médium: Kniha
Jazyk:španělština
Vydáno: México : Universidad Iberoamericana, 1977
Témata:
Tagy: Přidat tag
Žádné tagy, Buďte první, kdo vytvoří štítek k tomuto záznamu!

MARC

LEADER 00000nam^a2200000^a^4500
001 000021991
005 20250521000000.0
009 20260310084437.969
037 |a Acervo ITESO - Biblioteca 
041 |a ESP 
082 |a 158. 7  |b ROD 
100 |a Rodríguez Martínez, María del Rocío  |e (autor) 
245 1 3 |a El Test del Arbol: Estudio con una Muestra de Sujetos Seleccionada al Azar en una Empresa Siderúrgica /  |c M. del R. Rodríguez Martínez. 
264 1 |a México :  |b Universidad Iberoamericana,  |c 1977 
300 |a 163 p. 
336 |a texto  |b txt  |2 rdacontenido 
337 |a sin mediación  |b n  |2 rdamedio 
338 |a volumen  |b nc  |2 rdasoporte 
649 |a XX 
650 |a Psicología 
650 |a Psicología 
650 |a Psicología Laboral 
910 |a Fondo General 
920 |a Impresos - Libros 
930 |a Colección General 
905 |a 101 
901 |a 0219910100  |b IT1  |c ACC  |i 021991  |u 20250521 
902 |a https://opac.biblio.iteso.mx/vufind/Record/000021991